000 00337nam a2200133Ia 4500
008 100328s9999 xx 000 0 und d
082 _b6448
100 _aसरदेसाई लक्ष्मणराव
245 _aमोहोर
260 _b---
630 _aमोहोर
730 _aमोहोर
942 _cBOOK
999 _c502345
_d502342